[Event "Sparkassen-Open J"]
[Site "Heusenstamm, Martinsee"]
[Date "2022.11.20"]
[Round "5.1"]
[White "Sydykov, Bayastan"]
[Black "Will, Elina"]
[Result "1-0"]
[WhiteElo "1681"]
[BlackElo "1381"]
[PlyCount "89"]
[EventDate "2022.??.??"]
[WhiteTeam "SK 1858 Gießen"]
[BlackTeam "TuS Makkabi Wiesbaden"]

1. e4 e6 2. d4 d5 3. e5 c5 4. c3 Nc6 5. Nf3 cxd4 6. cxd4 Bb4+ 7. Bd2 Qb6 8. a3
Bxd2+ 9. Qxd2 Nge7 10. Nc3 Nf5 11. Na4 Qa5 12. Qxa5 Nxa5 13. b4 Nc6 14. Rd1 O-O
15. Nc5 a6 16. Be2 b6 17. Na4 Rb8 18. O-O a5 19. b5 Na7 20. Nb2 Bd7 21. a4 Rfc8
22. Rc1 Kf8 23. Bd3 h6 24. Rfd1 Ke7 25. g4 Nxd4 26. Nxd4 Rc5 27. Nb3 Rcc8 28.
f4 Be8 29. f5 Bd7 30. Kf2 Kd8 31. Ke3 Ke7 32. Bb1 Re8 33. Rc7 Nc8 34. Nd4 Kd8
35. Rc3 f6 36. fxe6 Bxe6 37. Nc6+ Kc7 38. Nxb8+ Kxb8 39. Bg6 d4+ 40. Rxd4 Rf8
41. Nd3 fxe5 42. Nxe5 Rf6 43. Rc6 Kb7 44. Be4 Kb8 45. Rd7 1-0

[Event "Sparkassen-Open J"]
[Site "Heusenstamm, Martinsee"]
[Date "2022.11.20"]
[Round "5.2"]
[White "Sreeramulu, Aarush"]
[Black "Himmelspacht, Maxim"]
[Result "1/2-1/2"]
[WhiteElo "1526"]
[BlackElo "1538"]
[PlyCount "55"]
[EventDate "2022.??.??"]
[WhiteTeam "SK Marburg 1931/72"]
[BlackTeam "SK 1858 Gießen"]

1. d4 e6 2. c4 d5 3. Nc3 Nf6 4. cxd5 exd5 5. Bg5 Be7 6. e3 Bf5 7. Bd3 Bxd3 8.
Qxd3 c6 9. Nf3 Nbd7 10. O-O h6 11. Bh4 O-O 12. Rac1 Ne8 13. Bxe7 Qxe7 14. a3
Nd6 15. Rfe1 Rfe8 16. Nd2 Nb6 17. Rc2 Nbc4 18. Nxc4 Nxc4 19. Rce2 Nd6 20. h3
Ne4 21. Nxe4 Qxe4 22. Qxe4 Rxe4 23. Rc1 a5 24. Rc5 Kf8 25. g3 f5 26. h4 g5 27.
hxg5 hxg5 28. Kg2 1/2-1/2

[Event "Sparkassen-Open J"]
[Site "Heusenstamm, Martinsee"]
[Date "2022.11.20"]
[Round "5.3"]
[White "Jung, Lukas"]
[Black "Glavev, Danail"]
[Result "0-1"]
[WhiteElo "1237"]
[BlackElo "1289"]
[PlyCount "168"]
[EventDate "2022.??.??"]
[WhiteTeam "SK Marburg 1931/72"]
[BlackTeam "SK Bad Homburg 1927"]

1. e4 e5 2. Nc3 Nf6 3. Nf3 Nc6 4. Bb5 Bc5 5. d4 exd4 6. Bxc6 bxc6 7. Nxd4 h6 8.
Be3 Bxd4 9. Bxd4 O-O 10. O-O Ba6 11. Re1 d6 12. Qf3 c5 13. Be3 Re8 14. Qg3 Kh7
15. Qh3 Rb8 16. b3 Bc8 17. Qf3 Bg4 18. Qg3 Bh5 19. f3 Bg6 20. Bf4 Nh5 21. Qg4
Nxf4 22. Qxf4 Qg5 23. Qxg5 hxg5 24. Nd5 Rb7 25. c4 f6 26. Kf2 Kg8 27. g4 Kf7
28. Re2 Rd8 29. Rd1 Kf8 30. Rh1 Kf7 31. h4 gxh4 32. Rxh4 Re8 33. Nc3 a6 34. f4
Ke7 35. f5 Bf7 36. Nd5+ Kd7 37. Rh7 Bxd5 38. exd5 Rg8 39. Kf3 Rbb8 40. Rg2 Rbf8
41. Rgh2 Re8 42. Re2 Rxe2 43. Kxe2 Ke7 44. Kf3 Kf7 45. Kf4 Re8 46. g5 fxg5+ 47.
Kxg5 Re1 48. Kf4 Rf1+ 49. Ke4 Ra1 50. f6 Kxf6 51. Rh2 Re1+ 52. Kd3 g5 53. Kc2
Re8 54. Kb2 Kf5 55. Kc2 Kg4 56. Rg2+ Kf4 57. Kd2 g4 58. Rh2 Re7 59. Rh8 Kf3 60.
Rf8+ Kg2 61. Ra8 Rf7 62. Rxa6 g3 63. Ra8 Kf2 64. Rg8 g2 65. Rxg2+ Kxg2 66. Kc3
Kf3 67. b4 Ke4 68. b5 Rf3+ 69. Kb2 Kd4 70. a4 Kxc4 71. a5 Kxb5 72. a6 Kxa6 73.
Kc2 Kb5 74. Kd2 Kb4 75. Ke2 Rh3 76. Kf2 Kb3 77. Ke2 c4 78. Kf2 c3 79. Ke2 Kb2
80. Kd1 c2+ 81. Ke2 c1=Q 82. Kf2 Qd2+ 83. Kg1 Rc3 84. Kf1 Rc1# 0-1

[Event "Sparkassen-Open J"]
[Site "Heusenstamm, Martinsee"]
[Date "2022.11.20"]
[Round "5.4"]
[White "Milman, Sophie"]
[Black "Rudolph, Alexander"]
[Result "0-1"]
[WhiteElo "1184"]
[BlackElo "1434"]
[PlyCount "110"]
[EventDate "2022.??.??"]
[WhiteTeam "VSG 1880 Offenbach"]
[BlackTeam "SK Tarrasch München"]

1. e4 e5 2. Nf3 Nc6 3. d4 exd4 4. Nxd4 Qf6 5. Be3 Bc5 6. c3 Nge7 7. Bc4 Bb6 8.
O-O Qg6 9. Nd2 Ne5 10. Be2 d5 11. exd5 Nxd5 12. Bh5 Qd3 13. Be2 Nxe3 14. fxe3
Qxe3+ 15. Kh1 Bxd4 16. Bb5+ c6 17. Re1 Qf2 18. cxd4 cxb5 19. Rxe5+ Kf8 20. Nf3
Qxb2 21. Rb1 Qxa2 22. Qc1 Bd7 23. Qc5+ Kg8 24. Rbe1 h6 25. Re7 Bc6 26. R1e2 Qd5
27. Qxd5 Bxd5 28. Re8+ Rxe8 29. Rxe8+ Kh7 30. Rxh8+ Kxh8 31. Kg1 Bxf3 32. gxf3
a5 33. Kf1 Kg8 34. Ke2 Kf8 35. Kd3 Ke7 36. d5 Kd6 37. Kd4 f5 38. f4 g5 39. fxg5
hxg5 40. h3 f4 41. Ke4 a4 42. Kf5 f3 43. Kxg5 f2 44. h4 f1=Q 45. h5 Qf8 46. h6
Kxd5 47. Kg6 Qxh6+ 48. Kxh6 a3 49. Kg5 a2 50. Kf4 a1=Q 51. Kf3 Qd4 52. Ke2 Ke4
53. Ke1 Ke3 54. Kf1 Qg4 55. Ke1 Qg1# 0-1

[Event "Sparkassen-Open J"]
[Site "Heusenstamm, Martinsee"]
[Date "2022.11.20"]
[Round "5.5"]
[White "Li, Xiao Teng"]
[Black "Draude, Theo"]
[Result "1/2-1/2"]
[WhiteElo "1173"]
[BlackElo "1208"]
[PlyCount "76"]
[EventDate "2022.??.??"]
[WhiteTeam "SK Bad Homburg 1927"]
[BlackTeam "SF Korbach"]

1. e4 c5 2. Nf3 d6 3. d4 cxd4 4. Nxd4 Nf6 5. Nc3 a6 6. Bd3 e5 7. Nf3 Be6 8. O-O
Be7 9. Bd2 Nbd7 10. a4 Rc8 11. Bg5 O-O 12. h3 d5 13. Bxf6 Nxf6 14. exd5 Nxd5
15. Nxd5 Qxd5 16. Re1 Bf6 17. b3 Rfd8 18. Be4 Qc5 19. Qe2 Bd5 20. Bd3 e4 21.
Bxe4 Bxe4 22. Qxe4 Bxa1 23. Rxa1 Qxc2 24. Qxb7 Rd1+ 25. Rxd1 Qxd1+ 26. Kh2 Qd6+
27. g3 Rb8 28. Qe4 Rxb3 29. Ng5 g6 30. Qh4 h5 31. Qc4 Qf6 32. Ne4 Qf3 33. Qd4
Rd3 34. Qe5 Rd1 35. Nf6+ Kf8 36. Nh7+ Kg8 37. Nf6+ Kf8 38. Nh7+ Kg8 1/2-1/2

[Event "Sparkassen-Open J"]
[Site "Heusenstamm, Martinsee"]
[Date "2022.11.20"]
[Round "5.6"]
[White "Wilczek, Jan-Philipp"]
[Black "Dietrich, Fabian"]
[Result "0-1"]
[WhiteElo "1157"]
[BlackElo "1471"]
[PlyCount "80"]
[EventDate "2022.??.??"]
[WhiteTeam "SC Bad Soden"]
[BlackTeam "SK Marburg 1931/72"]

1. e4 e5 2. Nf3 Nc6 3. Bc4 Bc5 4. c3 Nf6 5. d3 d6 6. Nbd2 Be6 7. Bb3 Qd7 8. Nf1
O-O-O 9. Bxe6 fxe6 10. Ng3 d5 11. Be3 d4 12. Bg5 h6 13. Bxf6 gxf6 14. b4 Bb6
15. b5 Ne7 16. c4 Ba5+ 17. Nd2 Bc3 18. Rb1 Ng6 19. Nh5 f5 20. Qa4 a5 21. Nf6
Qd6 22. Rd1 Nf4 23. O-O Qe7 24. Nd5 exd5 25. cxd5 Qg5 26. g3 Ne2+ 27. Kh1 Bxd2
28. b6 Rd7 29. d6 Rxd6 30. bxc7 Rc6 31. Rb1 Rxc7 32. Rxb7 Kxb7 33. Rb1+ Kc8 34.
Qb5 Bb4 35. a3 Nc3 36. Qxe5 Nxb1 37. Qxh8+ Qd8 38. Qxh6 Nxa3 39. Qe6+ Qd7 40.
Qa6+ Rb7 0-1

[Event "Sparkassen-Open J"]
[Site "Heusenstamm, Martinsee"]
[Date "2022.11.20"]
[Round "5.7"]
[White "Avhopulo, Kirill"]
[Black "Meitzner, Jonathan Franz"]
[Result "0-1"]
[WhiteElo "1143"]
[BlackElo "1302"]
[PlyCount "86"]
[EventDate "2022.??.??"]
[WhiteTeam "SK Marburg 1931/72"]
[BlackTeam "1. Eichsfelder Sportclub"]

1. d4 Nf6 2. c4 g6 3. Nc3 Bg7 4. e4 d6 5. Nf3 O-O 6. Be2 Nbd7 7. O-O e5 8. b3
Re8 9. Bg5 exd4 10. Qxd4 Nc5 11. Bd3 Ne6 12. Qe3 Nxg5 13. Qxg5 Nd7 14. Qxd8
Rxd8 15. Rac1 Nc5 16. Rfd1 Bg4 17. b4 Ne6 18. Be2 Nf4 19. Kf1 Re8 20. Nd5 Nxe2
21. Kxe2 Rxe4+ 22. Kd3 Bf5 23. g4 Rxg4+ 24. Kd2 Be4 25. Nxc7 Rd8 26. Ne1 Bh6+
27. Kc3 Bxc1 28. Rxc1 a6 29. Nxa6 bxa6 30. f3 Bxf3 31. Nxf3 Rc8 32. Nd4 Rg2 33.
h4 Rg3+ 34. Kb2 Rd3 35. Nb3 Rb8 36. a3 f5 37. Rg1 f4 38. h5 Rg3 39. Rf1 f3 40.
Nc1 Re8 41. Kc3 f2+ 42. Kb2 Rf8 43. Ne2 Re3 0-1

[Event "Sparkassen-Open J"]
[Site "Heusenstamm, Martinsee"]
[Date "2022.11.20"]
[Round "5.8"]
[White "Shymanskyi, Illia"]
[Black "Stehning, Michel"]
[Result "1/2-1/2"]
[WhiteElo "1259"]
[BlackElo "1136"]
[PlyCount "41"]
[EventDate "2022.??.??"]
[WhiteTeam "SC Steinbach"]
[BlackTeam "SF Braunfels"]

1. e4 e5 2. Nf3 Nc6 3. Bb5 a6 4. Ba4 Nf6 5. O-O Nxe4 6. Re1 d5 7. Nxe5 Qf6 8.
Bxc6+ bxc6 9. f4 Be7 10. d3 Nc5 11. Be3 O-O 12. Nd2 Qd6 13. d4 Ne4 14. Nxe4
dxe4 15. Rf1 f6 16. Nc4 Qe6 17. b3 f5 18. Ne5 Bb7 19. c4 Rad8 20. Qh5 Rf6 21.
Rad1 1/2-1/2

[Event "Sparkassen-Open J"]
[Site "Heusenstamm, Martinsee"]
[Date "2022.11.20"]
[Round "5.9"]
[White "Riazi, Dominik"]
[Black "Englert, Ann"]
[Result "0-1"]
[WhiteElo "1034"]
[BlackElo "1246"]
[PlyCount "90"]
[EventDate "2022.??.??"]
[WhiteTeam "SV Frankfurt Nord 1926"]
[BlackTeam "TV-Großostheim"]

1. e4 c5 2. Nf3 Nc6 3. d4 cxd4 4. Nxd4 g6 5. Bg5 Bg7 6. c3 Nf6 7. Nd2 O-O 8.
Bc4 d5 9. exd5 Nxd5 10. O-O Nb6 11. Bb3 Nxd4 12. cxd4 Bxd4 13. Re1 Re8 14. Qf3
Be6 15. h4 Bxb3 16. axb3 Bxb2 17. Rad1 Bg7 18. Nc4 Qc7 19. Bf4 Qc8 20. Ne5 f6
21. Nd3 Qc3 22. Rb1 Rad8 23. Red1 Rd7 24. Rbc1 Qxb3 25. Qh3 Red8 26. Rb1 Qf7
27. Qg3 Nd5 28. Rdc1 Nxf4 29. Nxf4 Bh6 30. Kh2 e5 31. Ne6 Qxe6 32. h5 Bf4 33.
Rc3 Bxg3+ 34. Rxg3 Kf7 35. hxg6+ hxg6 36. Re3 Rh8+ 37. Kg3 f5 38. f4 e4 39.
Reb3 Qf6 40. Kf2 Qh4+ 41. Ke2 Qxf4 42. Rd1 Qg4+ 43. Kf2 Qxd1 44. Rb2 Rd2+ 45.
Kg3 Qg4# 0-1

[Event "Sparkassen-Open J"]
[Site "Heusenstamm, Martinsee"]
[Date "2022.11.20"]
[Round "5.11"]
[White "Giegerich, Lenn Valentin"]
[Black "Staat, Christian"]
[Result "0-1"]
[WhiteElo "1213"]
[BlackElo "1220"]
[PlyCount "60"]
[EventDate "2022.??.??"]
[WhiteTeam "SC Aschaffenburg"]
[BlackTeam "VSG 1880 Offenbach"]

1. e4 e5 2. Nf3 Nc6 3. Bc4 Bc5 4. b4 Bxb4 5. c3 Ba5 6. d4 exd4 7. O-O d6 8. Qb3
Qe7 9. Bg5 f6 10. Bxg8 fxg5 11. Bxh7 dxc3 12. Bg6+ Kd8 13. Nxc3 Bxc3 14. Qxc3
g4 15. Nd4 Nxd4 16. Qxd4 Qh4 17. f4 Qxh2+ 18. Kf2 Qxf4+ 19. Ke1 Qg3+ 20. Ke2
Qxg2+ 21. Rf2 Qh3 22. Qxg7 c6 23. Raf1 Bd7 24. Rf8+ Rxf8 25. Rxf8+ Kc7 26. Rxa8
Qf3+ 27. Kd2 Qf2+ 28. Kd3 Qf1+ 29. Kc3 Qa1+ 30. Kd3 Qxg7 0-1

[Event "Sparkassen-Open J"]
[Site "Heusenstamm, Martinsee"]
[Date "2022.11.20"]
[Round "5.13"]
[White "Löffelholz, Jonas"]
[Black "Stehning, Toni"]
[Result "1-0"]
[WhiteElo "1077"]
[BlackElo "1505"]
[PlyCount "45"]
[EventDate "2022.??.??"]
[WhiteTeam "1. Eichsfelder Sportclub"]
[BlackTeam "SF Braunfels"]

1. e4 e5 2. Nf3 Nc6 3. Bb5 a6 4. Ba4 Nf6 5. O-O Nxe4 6. Re1 Nc5 7. Nxe5 Ne6 8.
Bxc6 bxc6 9. d4 Bb7 10. c4 d6 11. Nxc6 Bxc6 12. d5 Bd7 13. dxe6 Bxe6 14. Nc3
Be7 15. b3 O-O 16. Nd5 Bf6 17. Nxf6+ Qxf6 18. Rb1 Rfe8 19. Bb2 Qg6 20. Qe2 Re7
21. Qf3 Rae8 22. Qc6 Bd5 23. Qxe8+ 1-0

[Event "Sparkassen-Open J"]
[Site "Heusenstamm, Martinsee"]
[Date "2022.11.20"]
[Round "5.14"]
[White "Shanmuganathan, Adhav"]
[Black "González Peisker, Mateo"]
[Result "0-1"]
[WhiteElo "1094"]
[BlackElo "1455"]
[PlyCount "56"]
[EventDate "2022.??.??"]
[WhiteTeam "SV 1934 Ffm-Griesheim"]
[BlackTeam "SV Multatuli Ingelheim"]

1. e4 c6 2. d4 d5 3. e5 Bf5 4. Nf3 e6 5. Bf4 c5 6. c3 Nc6 7. Bb5 Qb6 8. Bxc6+
bxc6 9. b3 cxd4 10. cxd4 Bb4+ 11. Nbd2 Bc3 12. Rc1 Bb2 13. Rc2 Bxc2 14. Qxc2
Ba3 15. O-O Ne7 16. Nb1 Ng6 17. Be3 Be7 18. Nc3 O-O 19. Na4 Qb5 20. Rc1 Rfc8
21. Nc3 Qa6 22. a4 c5 23. Qd2 c4 24. Qe2 Bb4 25. Na2 Ba3 26. Rb1 Rab8 27. Nc3
Qa5 28. Bd2 Bb4 0-1

[Event "Sparkassen-Open J"]
[Site "Heusenstamm, Martinsee"]
[Date "2022.11.20"]
[Round "5.15"]
[White "Weyerer, Elea"]
[Black "Meitzner, Johan Eduard"]
[Result "0-1"]
[WhiteElo "1018"]
[BlackElo "1191"]
[PlyCount "80"]
[EventDate "2022.??.??"]
[WhiteTeam "SV Oberursel"]
[BlackTeam "1. Eichsfelder Sportclub"]

1. d4 Nf6 2. Bf4 g6 3. Nc3 Bg7 4. e4 d6 5. Qd2 Nbd7 6. O-O-O c6 7. f3 Nh5 8.
Bh6 Bxh6 9. Qxh6 b5 10. Kb1 a5 11. g4 Nhf6 12. h4 a4 13. h5 Rf8 14. e5 b4 15.
Nce2 Nd5 16. exd6 exd6 17. Re1 Ne7 18. Ng3 Nf6 19. g5 Nfd5 20. Ne4 Kd7 21. Qxh7
Rh8 22. Qxf7 Rf8 23. Qg7 Kc7 24. hxg6 Kb8 25. Qh7 Bf5 26. Qh6 Bxg6 27. Nxd6 Ka7
28. Qh2 Qd7 29. Bh3 Bf5 30. Bxf5 Nxf5 31. Nxf5 Rxf5 32. Qh7 Rf7 33. Qe4 Re7 34.
Qh4 Rxe1+ 35. Qxe1 a3 36. b3 Nc3+ 37. Ka1 Qxd4 38. Rh7+ Ka6 39. Ne2 Nxe2+ 40.
Kb1 Qb2# 0-1

[Event "Sparkassen-Open J"]
[Site "Heusenstamm, Martinsee"]
[Date "2022.11.20"]
[Round "5.16"]
[White "Papadopoulos, Kyriakos"]
[Black "Feick, Claas Marten"]
[Result "1-0"]
[WhiteElo "1331"]
[BlackElo "1016"]
[PlyCount "127"]
[EventDate "2022.??.??"]
[WhiteTeam "VSG 1880 Offenbach"]
[BlackTeam "SF Neuberg"]

1. e4 c6 2. d4 d6 3. Nc3 Nd7 4. Nf3 g6 5. Be3 Bg7 6. Be2 e5 7. d5 Ngf6 8. Bg5
cxd5 9. Nxd5 Qa5+ 10. b4 Qd8 11. O-O h6 12. Bxf6 Nxf6 13. Nc3 O-O 14. h3 b6 15.
Nb5 Nxe4 16. Nh2 Ba6 17. f3 Bxb5 18. fxe4 Bxe2 19. Qxe2 h5 20. Rad1 Qc7 21. Rd2
Bh6 22. Rd3 Rad8 23. Rfd1 Qc4 24. c3 Rd7 25. Nf1 Rfd8 26. Nd2 Bxd2 27. R1xd2 a5
28. bxa5 bxa5 29. Kh2 d5 30. exd5 Rxd5 31. Rxd5 Rc8 32. Qxc4 Rxc4 33. Rxe5 Rxc3
34. Rxa5 Rc7 35. Ra8+ Kg7 36. a4 f5 37. a5 Rc4 38. a6 Ra4 39. a7 Kf7 40. Rd7+
Ke6 41. Rad8 g5 42. Rh7 f4 43. a8=Q Rxa8 44. Rxa8 Kf5 45. Rxh5 Kg6 46. Rhh8 Kf5
47. Ra5+ Kg6 48. Rg8+ Kh6 49. Raxg5 Kh7 50. Rf5 Kxg8 51. Rxf4 Kg7 52. Rf1 Kg6
53. Rg1 Kh6 54. g4 Kg6 55. g5 Kh7 56. g6+ Kg7 57. h4 Kg8 58. g7 Kf7 59. g8=Q+
Kf6 60. Rg5 Ke7 61. Qg6 Kf8 62. Qh6+ Ke7 63. Rg7+ Kf8 64. Qh8# 1-0

[Event "Sparkassen-Open J"]
[Site "Heusenstamm, Martinsee"]
[Date "2022.11.20"]
[Round "5.17"]
[White "Biallas, Flynn"]
[Black "Hochmuth, Lukas Emanuel"]
[Result "0-1"]
[WhiteElo "998"]
[BlackElo "1324"]
[PlyCount "59"]
[EventDate "2022.??.??"]
[WhiteTeam "SK Marburg 1931/72"]
[BlackTeam "SC Bad Nauheim"]

1. e4 c6 2. d4 d5 3. f3 dxe4 4. fxe4 Nf6 5. Nc3 Bg4 6. Nf3 e6 7. Bf4 c5 8. Bb5+
Nbd7 9. h3 Bxf3 10. gxf3 a6 11. Bxd7+ Qxd7 12. d5 exd5 13. exd5 O-O-O 14. Bg5
Be7 15. Qd2 h6 16. Bxf6 Bxf6 17. O-O-O Rhe8 18. d6 Re6 19. Ne4 Rxe4 20. fxe4
Bg5 21. Rhg1 Bxd2+ 22. Rxd2 Qxh3 23. Rgd1 Qe3 24. Kb1 Qxe4 25. d7+ Kc7 26. a3
Qe7 27. b4 cxb4 28. axb4 Rxd7 29. Rxd7+ Qxd7 30. Rxd7+ 0-1

[Event "Sparkassen-Open J"]
[Site "Heusenstamm, Martinsee"]
[Date "2022.11.20"]
[Round "5.18"]
[White "Jung, Felix"]
[Black "Henzelmann, Matthias"]
[Result "1-0"]
[WhiteElo "1315"]
[BlackElo "980"]
[PlyCount "93"]
[EventDate "2022.??.??"]
[WhiteTeam "SK Marburg 1931/72"]
[BlackTeam "SC Heuchelheim"]

1. e4 e5 2. Bc4 Nf6 3. d3 Bc5 4. Nf3 Nc6 5. Bg5 h6 6. Bh4 d6 7. Nc3 Be6 8. Nd5
Bxd5 9. exd5 Nd4 10. c3 Nf5 11. d4 exd4 12. Bxf6 Qxf6 13. Bb5+ Kf8 14. cxd4
Nxd4 15. Nxd4 Qxd4 16. Qxd4 Bxd4 17. Rc1 a6 18. Bd7 Rd8 19. Rxc7 Bxb2 20. Rxb7
Bc3+ 21. Kd1 Bd4 22. f4 g6 23. Re1 Bf6 24. Ke2 Kg7 25. Be6 Rhf8 26. Kd3 Rb8 27.
Reb1 Rxb7 28. Rxb7 g5 29. f5 Be5 30. h3 Kf6 31. Bd7 Kg7 32. g4 Kg8 33. a4 Rd8
34. Bc6 Rc8 35. Rb6 a5 36. Rb5 Rc7 37. Rxa5 Re7 38. Ra8+ Kg7 39. Re8 Rxe8 40.
Bxe8 Kf8 41. Bc6 Ke7 42. a5 Kd8 43. a6 Bh2 44. a7 Bg1 45. a8=Q+ Ke7 46. Qh8 Bh2
47. f6# 1-0

[Event "Sparkassen-Open J"]
[Site "Heusenstamm, Martinsee"]
[Date "2022.11.20"]
[Round "5.20"]
[White "Ninnemann, Patrick"]
[Black "Löffelholz, Simon"]
[Result "0-1"]
[WhiteElo "875"]
[BlackElo "1264"]
[PlyCount "48"]
[EventDate "2022.??.??"]
[WhiteTeam "SC Bad Soden"]
[BlackTeam "1. Eichsfelder Sportclub"]

1. e4 c5 2. Bb5 a6 3. Ba4 b5 4. Bb3 c4 5. Bxc4 bxc4 6. b3 cxb3 7. axb3 d6 8.
Nc3 Nf6 9. Ba3 e5 10. Nf3 Be7 11. d3 O-O 12. O-O Be6 13. Qd2 Re8 14. d4 Nbd7
15. h3 Rc8 16. d5 Bxh3 17. gxh3 Qc7 18. Bb4 Nc5 19. Rfe1 Qd7 20. Kg2 Nh5 21.
Rh1 Nf4+ 22. Kg3 h5 23. h4 Qg4+ 24. Kh2 Qg2# 0-1

[Event "Sparkassen-Open J"]
[Site "Heusenstamm, Martinsee"]
[Date "2022.11.20"]
[Round "5.21"]
[White "Kukhtichev, Maksim"]
[Black "Vasudevan, Ananya"]
[Result "1/2-1/2"]
[WhiteElo "1242"]
[BlackElo "874"]
[PlyCount "48"]
[EventDate "2022.??.??"]
[WhiteTeam "SK Bad Homburg 1927"]
[BlackTeam "SK Langen"]

1. e4 g6 2. d4 Bg7 3. Nf3 c5 4. dxc5 Qa5+ 5. Bd2 Qxc5 6. Bc3 f6 7. Nbd2 Nc6 8.
Nb3 Qb6 9. Be2 a5 10. a4 e6 11. Nbd2 Nge7 12. Nc4 Qc5 13. Nd6+ Kf8 14. Nb5 Ne5
15. Nxe5 fxe5 16. Qd3 Ke8 17. Nd6+ Kf8 18. Rd1 Bf6 19. Qf3 Kg7 20. Bd2 Qxc2 21.
Qh3 h5 22. b3 Qc5 23. Qg3 Ra6 24. Be3 Qb4+ 1/2-1/2

[Event "Sparkassen-Open J"]
[Site "Heusenstamm, Martinsee"]
[Date "2022.11.20"]
[Round "5.22"]
[White "Zargaran, Sepas"]
[Black "Lenhard, Robert"]
[Result "1-0"]
[WhiteElo "1222"]
[BlackElo "799"]
[PlyCount "67"]
[EventDate "2022.??.??"]
[WhiteTeam "VSG 1880 Offenbach"]
[BlackTeam "SV 1920 Hofheim"]

1. e4 e5 2. Nf3 Nc6 3. Bb5 Bc5 4. O-O Nf6 5. c3 a6 6. Ba4 b5 7. Bb3 d6 8. d4
Bb6 9. a4 Rb8 10. Be3 O-O 11. Re1 Bg4 12. d5 Ne7 13. Bxb6 Rxb6 14. a5 Rb8 15.
h3 Bh5 16. g4 Bg6 17. Nbd2 Re8 18. Nh2 h6 19. f3 Nd7 20. Bc2 b4 21. Ba4 bxc3
22. bxc3 Rf8 23. Nb3 Nc8 24. Nf1 Na7 25. Ne3 Nb5 26. Bxb5 Rxb5 27. Qc2 Qb8 28.
Reb1 Qa7 29. Kf2 Rfb8 30. Rb2 Qb7 31. Rab1 Nc5 32. Nxc5 Rxb2 33. Nxb7 Rxc2+ 34.
Nxc2 1-0

[Event "Sparkassen-Open J"]
[Site "Heusenstamm, Martinsee"]
[Date "2022.11.20"]
[Round "5.23"]
[White "Noll, Raphael"]
[Black "Carls, Bela"]
[Result "1-0"]
[WhiteElo "943"]
[BlackElo "1207"]
[PlyCount "95"]
[EventDate "2022.??.??"]
[WhiteTeam "SK Marburg 1931/72"]
[BlackTeam "Frankfurter TV 1860"]

1. e4 e5 2. Nf3 Nc6 3. Bb5 Nf6 4. d3 d6 5. O-O Bd7 6. Bg5 Be7 7. Nc3 Nh5 8.
Bxe7 Qxe7 9. Nd5 Qd8 10. Nxe5 Nf6 11. Nxd7 Nxd7 12. Qg4 O-O 13. Nf4 Nde5 14.
Qg3 Nd4 15. Ba4 Qf6 16. Rfe1 b5 17. Bb3 c5 18. c3 Nxb3 19. axb3 c4 20. d4 Ng6
21. Nxg6 fxg6 22. bxc4 bxc4 23. Ra4 Qf7 24. f3 d5 25. exd5 Qxd5 26. Qe5 Qc6 27.
Qe6+ Qxe6 28. Rxe6 Rab8 29. Ra2 Rf7 30. Kf2 a5 31. h3 Rf6 32. Re5 Ra6 33. Ke1
a4 34. d5 Kf7 35. Re4 Re8 36. Rxe8 Kxe8 37. Ke2 Ke7 38. Ke3 Kd6 39. Kd4 Ra5 40.
Kxc4 Rxd5 41. Rxa4 Rc5+ 42. Kb3 Rb5+ 43. Rb4 Ra5 44. Rd4+ Kc5 45. Rd7 Rb5+ 46.
Kc2 Kc4 47. Rd4+ Kc5 48. b3 1-0

[Event "Sparkassen-Open J"]
[Site "Heusenstamm, Martinsee"]
[Date "2022.11.20"]
[Round "5.25"]
[White "Alkayas, Mohammad"]
[Black "Baumgart, Jost"]
[Result "1-0"]
[WhiteElo "1138"]
[BlackElo "1067"]
[PlyCount "109"]
[EventDate "2022.??.??"]
[WhiteTeam "SK Marburg 1931/72"]
[BlackTeam "SK Marburg 1931/72"]

1. Nc3 Nf6 2. Nf3 Nc6 3. e4 e5 4. Bb5 d6 5. O-O Bd7 6. Bxc6 Bxc6 7. d3 Qd7 8.
Bg5 Be7 9. Bxf6 Bxf6 10. Nd5 Bxd5 11. exd5 Qb5 12. c4 Qb6 13. Rb1 O-O 14. b3
Rfe8 15. Qc2 c6 16. dxc6 bxc6 17. Rbc1 Qa5 18. Qd2 Qxd2 19. Nxd2 Bg5 20. Rc2 f5
21. Nf3 Bh6 22. Re1 g6 23. Rce2 Bg7 24. h3 Re7 25. g4 Rae8 26. gxf5 gxf5 27.
Nh4 Rf7 28. f4 e4 29. dxe4 Bc3 30. exf5 Bd4+ 31. Kf1 Rxe2 32. Rxe2 Rg7 33. Rg2
Rxg2 34. Nxg2 Kf7 35. Ke2 Kf6 36. Nh4 a5 37. a4 Bc5 38. Kd3 Bf2 39. Ng2 Kxf5
40. Ke2 Bc5 41. Kf3 d5 42. cxd5 cxd5 43. Ne3+ Bxe3 44. Kxe3 h5 45. b4 axb4 46.
a5 b3 47. Kd2 d4 48. a6 Kxf4 49. a7 b2 50. Kc2 d3+ 51. Kxb2 Ke3 52. a8=Q d2 53.
Qe8+ Kf2 54. Qxh5 Ke1 55. Kc2 1-0

[Event "Sparkassen-Open J"]
[Site "Heusenstamm, Martinsee"]
[Date "2022.11.20"]
[Round "5.26"]
[White "Neininger, Pascal"]
[Black "Selvaraj, Vibhaakar"]
[Result "1-0"]
[WhiteElo "1157"]
[BlackElo "760"]
[PlyCount "63"]
[EventDate "2022.??.??"]
[WhiteTeam "SV Oberursel"]
[BlackTeam "VSG 1880 Offenbach"]

1. e4 g6 2. d4 Bg7 3. Nf3 Nf6 4. Nc3 d5 5. Bd3 Bg4 6. O-O O-O 7. e5 Ne8 8. h3
Nd6 9. exd6 cxd6 10. hxg4 Qc8 11. Nh4 Bxd4 12. Nxd5 Qe6 13. Nc7 Qd7 14. Nxa8
Nc6 15. Bb5 h5 16. Bxc6 bxc6 17. Qxd4 hxg4 18. Bh6 e5 19. Qe3 Rxa8 20. Qg5 Qe6
21. f4 f5 22. fxe5 dxe5 23. Rxf5 e4 24. Rf6 Qe8 25. Rf8+ Qxf8 26. Bxf8 Rxf8 27.
Qxg6+ Kh8 28. Qxg4 Re8 29. Qd7 Rg8 30. Qd4+ Rg7 31. Nf5 c5 32. Qxg7# 1-0

[Event "Sparkassen-Open J"]
[Site "Heusenstamm, Martinsee"]
[Date "2022.11.20"]
[Round "5.27"]
[White "Schwab, Florentin"]
[Black "Wolf, Helena"]
[Result "0-1"]
[WhiteElo "1005"]
[BlackElo "741"]
[PlyCount "78"]
[EventDate "2022.??.??"]
[WhiteTeam "SC Aschaffenburg"]
[BlackTeam "SK Bad Homburg 1927"]

1. e4 e5 2. Nf3 Nf6 3. Nxe5 d6 4. Nf3 Nxe4 5. d3 Nf6 6. Nc3 d5 7. Bf4 Bf5 8.
Nb5 Na6 9. Qe2+ Be7 10. Nbd4 Bg6 11. b3 O-O 12. Qd2 Re8 13. c3 Nh5 14. Be5 Bf6
15. Qe3 Nc5 16. Rd1 Nd7 17. Be2 Nxe5 18. Nxe5 Bxe5 19. Nf3 Bxc3+ 20. Nd2 Rxe3
21. fxe3 Qe7 22. O-O Bxd2 23. Rf3 Bc3 24. e4 dxe4 25. dxe4 Qxe4 26. Rfd3 h6 27.
Rxc3 Qxe2 28. Rf1 Bd3 29. Rcc1 Qe4 30. Rf2 Qe3 31. h3 Qxc1+ 32. Kh2 Re8 33. a3
Re1 34. h4 Qe3 35. Rf3 Qg1+ 36. Kh3 Qh1+ 37. Kg4 Be2 38. Kxh5 Bxf3+ 39. g4 Re5#
0-1

[Event "Sparkassen-Open J"]
[Site "Heusenstamm, Martinsee"]
[Date "2022.11.20"]
[Round "5.30"]
[White "Paul, Jenna"]
[Black "Filis, Leon"]
[Result "1/2-1/2"]
[WhiteElo "868"]
[BlackElo "731"]
[Annotator "Schloessner,Henrik"]
[PlyCount "56"]
[EventDate "2022.??.??"]
[WhiteTeam "TV-Großostheim"]
[BlackTeam "SV 1920 Hofheim"]

1. e4 d5 2. Nc3 dxe4 3. Nxe4 e5 4. Nf3 Nc6 5. Bb5 Bf5 6. Nc3 Bb4 7. Bxc6+ bxc6
8. Nxe5 Qe7 9. Qe2 Nf6 10. a3 Bc5 11. d3 O-O 12. O-O Rfe8 13. Re1 Bg4 14. Nxg4
Nxg4 15. Qxe7 Bxe7 16. h3 Nf6 17. Bf4 Rac8 18. Re2 Bc5 19. Rae1 Rxe2 20. Rxe2
Bd6 21. Bxd6 cxd6 22. Ne4 Nxe4 23. Rxe4 Rb8 24. c4 h6 25. b4 c5 26. bxc5 dxc5
27. d4 cxd4 28. Rxd4 Kf8 {Rest nicht nachvollziehbar. ½-½ (ca.55)} 1/2-1/2